02068cas a2200481 a 450000100090000000300050000900500170001400800100003101000730004102200170011403500240013103700780015504001000023304200200033304300120035305000160036508200200038122200750040124500760047624600730055224600990062524600530072424600400077724600490081726000600086630000390092633600260096533700280099133800270101936200130104658800570105965000450111665000440116165100380120565100450124365500300128865500490131871000460136790600450141394200120145899900190147095200970148913517300NUST20220813170905.0040310c19 a 2005213853z 89013018 z 92005851 z 97168279 z 20032696670 a1554-909721 a(OCoLC)ocm46764782  bNational Geographic Society, 1145 17th St., NW, Washington, DC 20036-4688 aLPUbengcLPUdOMPdTJCdOCLCQdNSDdDLCdVP@dOCLCQdOCLCFdYDXCPdOCLCQdHRFdOCLCOdWYUdZQP ansdpalccopycat an-us---00aE160b.N24400a917.304/931222 0aNational Geographic's guide to the national parks of the United States00aNational Geographic's guide to the national parks of the United States.1 aNational Geographic guide to the national parks of the United States1 iIssues for 2012- have title:aNational Geographic guide to national parks of the United States30aGuide to the national parks of the United States30aNational parks of the United States30aGuide to national parks of the United States aWashington, D.C. :bNational Geographic Society,c2021. a526pbillustrations, maps ;c22 cm atextbtxt2rdacontent aunmediatedbn2rdamedia avolumebnc2rdacarrier0 a1st ed.- aLatest issue consulted: 7th ed. copyrighted in 2012. 0aParkszUnited StatesvGuidebooks.997064 7aParks.2fast0(OCoLC)fst01053705933616 0aUnited StatesvGuidebooks.997065 7aUnited States.2fast0(OCoLC)fst01204155 7aGuidebooks.2lcgft991586 7aGuidebooks.2fast0(OCoLC)fst014238719915862 aNational Geographic Society (U.S.)923302 a7bcbccserialsd2encipf20gn-oclcserc 2ddccLC c590932d590932 00102ddc4070aCLbCLcLCd2022-08-13o917.304931 NATpLC-161r2022-08-13w2022-08-13yREF